| 000 | 02105cam a2200373Mi 4500 | ||
|---|---|---|---|
| 999 |
_c5797 _d5797 |
||
| 001 | on1018253923 | ||
| 003 | OCoLC | ||
| 005 | 20200817160448.0 | ||
| 008 | 171222t20172017enka e b 001 0 eng | ||
| 020 | _a9781783523412 | ||
| 020 | _a1783523417 | ||
| 020 | _a9781783523436 | ||
| 020 | _a1783523433 | ||
| 029 | 0 |
_aAU@ _b000061361878 |
|
| 029 | 1 |
_aUNITY _b140921982 |
|
| 035 |
_a(OCoLC)1018253923 _z(OCoLC)986953672 _z(OCoLC)1002127270 |
||
| 040 |
_aAU@ _beng _erda _cAU@ _dOCLCF _dOCLCO _dMNT _dVP@ _dYDX _dBTCTA _dBDX _dNLE _dATNSH _dOCL |
||
| 049 | _aTZAA | ||
| 050 | 4 |
_aLB2326 _b.W75 2017 |
|
| 100 | 1 |
_aWright, Glen, _d1988- _eauthor. |
|
| 245 | 1 | 0 |
_aAcademia obscura : _bthe hidden silly side of higher education / _cGlen Wright. |
| 300 |
_axiv, 266 pages : _billustrations ; _c21 cm. |
||
| 504 | _aIncludes bibliographical references and index. | ||
| 520 | _aIf you think academia is a prestigious place of serious, erudite professors, think again. Academia Obscura is a glimpse behind closed study doors -- welcome to the eccentric and slightly unhinged world of academia. Leave your tweed jacket by the door. Step inside the ivory tower and let Glen Wright guide you on a journey through the weird, wonderful and often bizarre history of academe, from the very earliest in-jokes of medieval scribes. Learn how one cat tricked some of the greatest minds into awarding it tenure, how Colonel Gaddafi co-authored a thesis and why some rats wear polyester trousers. This irreverent book filled with levitating frogs, defecating penguins and super-specific scientific research shows you the rather sillier side of scholarly life. Academics will never take themselves too seriously again. And neither will anyone else. | ||
| 650 | 0 |
_aEducation, Higher _vMiscellanea. |
|
| 650 | 0 |
_aEducation, Higher _vHumor. |
|
| 650 | 0 |
_aUniversities and colleges _vMiscellanea. |
|
| 650 | 0 |
_aUniversities and colleges _vHumor. |
|
| 650 | 7 |
_aEducation, Higher. _2fast _914932 |
|
| 650 | 7 |
_aUniversities and colleges. _2fast |
|
| 655 | 7 |
_aHumor. _2fast |
|
| 655 | 7 |
_aTrivia and miscellanea. _2fast |
|
| 942 |
_2lcc _cBOOK |
||